Pokémon Moves- Ground Type - Statistics

General Stats
  • This quiz has been taken 255 times
  • The average score is 24 of 31
Answer Stats
Hint Answer % Correct
I Earthquake
100%
IV Earth Power
97%
I Dig
91%
IV Mud Bomb
90%
I Sand Attack
90%
III Mud Shot
89%
II Mud-Slap
88%
V Bulldoze
87%
I Fissure
83%
VIII Max Quake
82%
III Mud Sport
81%
III Sand Tomb
81%
VI Thousand Arrows
81%
VII High Horsepower
80%
VI Thousand Waves
80%
I Bone Club
79%
I Bonemerang
79%
II Bone Rush
79%
II Magnitude
79%
V Drill Run
78%
VIII Scorching Sands
74%
VI Land's Wrath
71%
VII Stomping Tantrum
71%
VI Precipice Blades
69%
VII Tectonic Rage
69%
VIII Headlong Rush
68%
VI Rototiller
68%
VII Shore Up
67%
VIII Sandsear Storm
57%
VIII G-Max Sandblast
56%
II Spikes
54%
No matching quizzes found
Score Distribution
Percent of People with Each Score
Percentile by Number Answered
Your Score History
You have not taken this quiz